000 00242nam a2200097Ia 4500
001 1252015
005 20251031150926.0
008 251031s9999 xx 000 0 und d
245 0 _cTURGUT ERBEK
_aR-5 YANIK DEĞİRMEN
260 _bCAN YAYINLARI
999 _c1252015
_d1252015